000 01269nam a2200253Ia 4500
999 _c50974
_d50974
001 17931
003 GE_BSU
005 20200228151757.0
008 181216s2015 xx |||||||||||||| ||geo||
040 _cGE_BSU
041 _ageo
080 _a321(479.22)(09)+34(479.22)(09) ლ-77
100 _aლობჟანიძე, გივი.
_94775
245 _aქართული სახელმწიფოსა და სამართლის ისტორია /
_cგივი ლობჟანიძე ; რედ : როინ მეტრეველი ; გიორგი ნადარეიშვილი.
250 _aმეორე გამოცემა.
264 _aთბილისი :
_bბონა კაუზა,
_c2015.
300 _a494 გვ.:
_c21 სმ.
520 _aრეზიუმე გვ.495-496
653 _aსამართალი
653 _aქართული სახელმწიფოსა და სამართლის ისტორია
700 _aმეტრეველი, როინ
_eრედაქტორი
_97640
700 _a ნადარეიშვილი, გიორგი
_eრედაქტორი
_97641
942 _cBK
_2udc